Regular national report on housing developments in European countries (Record no. 104013)

MARC details
000 -LEADER
fixed length control field 01401cam a2200217 4500
008 - FIXED-LENGTH DATA ELEMENTS--GENERAL INFORMATION
fixed length control field 050214n2004 000 0 eng u
020 ## - INTERNATIONAL STANDARD BOOK NUMBER
International Standard Book Number 0755719999
035 ## - SYSTEM CONTROL NUMBER
System control number (Sirsi) u128778
041 ## - LANGUAGE CODE
Language code of text/sound track or separate title eng
100 ## - MAIN ENTRY--PERSONAL NAME
Personal name Norris, Michelle
245 ## - TITLE STATEMENT
Title Regular national report on housing developments in European countries
Remainder of title synthesis report
260 ## - PUBLICATION, DISTRIBUTION, ETC.
Place of publication, distribution, etc. Dublin
Name of publisher, distributor, etc. Stationery Office
Date of publication, distribution, etc. 2004
520 ## - SUMMARY, ETC.
Summary, etc. This updated report on recent housing developments across Europe was prepared by Ireland to mark its presidency of the EU. It was presented in November 2004. It examines the context for housing policy-making, housing stock and economic and demographic trends of all 25 members of the enlarged EU as well as Bulgaria, Romania and Turkey, the three 2004 applicant states. Further sections cover housing policy developments including legislative change, housing quality regulation and outcomes such as supply, demand, costs and public investment. Tables and figures. Glossary of abbreviations.
650 ## - SUBJECT ADDED ENTRY--TOPICAL TERM
Topical term or geographic name entry element HOUSING DEVELOPMENTS
650 ## - SUBJECT ADDED ENTRY--TOPICAL TERM
Topical term or geographic name entry element HOUSING POLICY
650 ## - SUBJECT ADDED ENTRY--TOPICAL TERM
Topical term or geographic name entry element EUROPE
650 ## - SUBJECT ADDED ENTRY--TOPICAL TERM
Topical term or geographic name entry element LEGISLATION
700 ## - ADDED ENTRY--PERSONAL NAME
Personal name Shiel, Patrick
856 ## - ELECTRONIC LOCATION AND ACCESS
Uniform Resource Identifier <a href="https://www.environ.ie/DOEI%5CDOEIPol.nsf/0/7a32c480a1af4f1e80256b57004f91c5/$FILE/EU%20Housing%20Report-complete%20pdf.pdf">https://www.environ.ie/DOEI%5CDOEIPol.nsf/0/7a32c480a1af4f1e80256b57004f91c5/$FILE/EU%20Housing%20Report-complete%20pdf.pdf</a>
Public note View the report (pdf) on the Dpeartment of the Environment, Heritage and Local Government (Ireland) website...
942 ## - ADDED ENTRY ELEMENTS (KOHA)
Suppress in OPAC 0
Holdings
Withdrawn status Lost status Source of classification or shelving scheme Damaged status Not for loan Home library Current library Shelving location Date acquired Total Checkouts Full call number Barcode Date last seen Copy number Price effective from Koha item type
    Dewey Decimal Classification     Virtual Virtual Online 14/02/2005   ONLINE PUBLICATION 128778-2001 06/08/2019 1 06/08/2019 Book